Civilisations de Age of Empire II - Statistiques

Statistiques générales
  • Ce quiz a été pris 288 fois
    13 depuis la dernière actualisation
  • Le résultat moyen est 41 sur 59
Statistiques - réponses
Jeu Civilisation % Correct
Age of Empire II : Age of Kings Britanniques
100%
Byzantins
100%
Chinois
100%
Espagnols
100%
Francs
100%
Mongols
100%
Perses
100%
Age of Empire II : Rise of Rome Romains
100%
Teutons
100%
Age of Empire II : The Conquerors Aztèques
90%
Age of Empire II : Rise of the Rajas Birmans
90%
Incas
90%
Italiens
90%
Japonais
90%
Mayas
90%
Polonais
90%
Portugais
90%
Sarrasins
90%
Siciliens
90%
Turcs
90%
Vikings
90%
Celtes
80%
Éthiopiens
80%
Huns
80%
Khmers
80%
Lituaniens
80%
Maliens
80%
Spartiates
80%
Vietnamiens
80%
Athéniens
70%
Age of Empire II : The African Kingdoms Berbères
70%
Age of Empire II : Dawn of the Dukes Bohémiens
70%
Age of Empire II : Lords of the West Bourguignons
70%
Age of Empire II : The Last Khans Bulgares
70%
Coréens
70%
Goths
70%
Age of Empire II : The Forgotten Hindoustanis
70%
Hongrois
70%
Malais
70%
Slaves
70%
Age of Empire II : The Mountain Royals Arméniens
60%
Coumans
60%
Géorgiens
60%
Age of Empire II : Chronicles Alexander the Great Macédoniens
60%
Tatars
60%
Gurjaras
40%
Age of Empire II : Chronicles Battle for Greece Achéménides
30%
Age of Empire II : Dynasties of India Bengalis
30%
Dravidiens
30%
Shu
30%
Thraces
30%
Wei
30%
Wu
30%
Age of Empire II : The Three Kingdoms Jürchen
20%
Khitans
20%
Age of Empire II : The Last Chieftains Mapuches
20%
Muiscas
20%
Tupis
20%
Purus
10%
Aucun quiz correspondant
Distribution des résultats
% des personnes avec chaque résultat
Percentile par nombre de réponses
Votre historique - résultats
Vous n’avez pas pris ce quiz depuis la dernière actualisation